[Event "SVK-chT2B 1213"]
[Site "Slovakia"]
[Date "2013.02.02"]
[Round "7.5"]
[White "Tomka, Jan"]
[Black "Jakubec, Milan"]
[Result "1/2-1/2"]
[WhiteElo "2083"]
[BlackElo "2069"]
[PlyCount "108"]
[EventDate "2012.10.13"]
[EventType "team-tourn"]
[EventRounds "11"]
[EventCountry "SVK"]
[SourceTitle "EXT 2015"]
[Source "ChessBase"]
[SourceDate "2014.11.20"]
[SourceVersion "1"]
[SourceVersionDate "2014.11.20"]
[SourceQuality "1"]
[WhiteTeam "Topolcianky"]
[BlackTeam "Myjava Spartak"]
[WhiteTeamCountry "SVK"]
[BlackTeamCountry "SVK"]

1. d4 d5 2. Bf4 Nf6 3. e3 e6 4. Bd3 Nbd7 5. Nf3 a6 6. Nbd2 c5 7. c3 c4 8. Bc2 b5 9. 0-0 Bb7 10. Qe2 Be7 11. e4 dxe4 12. Nxe4 0-0 13. Rfe1 Nxe4 14. Bxe4 Bxe4 15. Qxe4 Nf6 16. Qe2 Nd5 17. Bg3 Bf6 18. Nd2 Qd7 19. h3 Rfc8 20. a3 a5 21. Be5 Bxe5 22. Qxe5 Rab8 23. Ne4 Qc6 24. Nc5 b4 25. axb4 axb4 26. Rac1 bxc3 27. bxc3 Rb2 28. Re4 g6 29. Rh4 Re8 30. Ne4 f5 31. Nf6+ Nxf6 32. Qxf6 Rb3 33. Rf4 Qc7 34. Rf3 Qg7 35. Qxg7+ Kxg7 36. Re3 Kf6 37. Re5 Rc8 38. Ra5 Rc6 39. Rc2 Rb1+ 40. Kh2 Rd1 41. Kg3 g5 42. Kf3 h5 43. Re2 Rc1 44. Ra3 Rb6 45. g3 Rh1 46. Kg2 Rd1 47. Ra4 Rc6 48. Kf3 g4+ 49. hxg4 hxg4+ 50. Kf4 Rd3 51. Re3 Rd2 52. f3 Rf2 53. Ra5 Rf1 54. Rae5 Rf2 1/2-1/2

[Event "SVK-chT2B 1112"]
[Site "Slovakia"]
[Date "2012.02.26"]
[Round "11.4"]
[White "Regec, Stanislav"]
[Black "Tomka, Jan"]
[Result "1/2-1/2"]
[WhiteElo "2055"]
[BlackElo "2099"]
[PlyCount "78"]
[EventDate "2011.10.08"]
[EventType "team-tourn"]
[EventRounds "11"]
[EventCountry "SVK"]
[SourceTitle "EXT 2013"]
[Source "ChessBase"]
[SourceDate "2012.11.22"]
[SourceVersion "1"]
[SourceVersionDate "2012.11.22"]
[SourceQuality "1"]
[WhiteTeam "Nove Zamky Basta"]
[BlackTeam "Topolcianky SK"]
[WhiteTeamCountry "SVK"]
[BlackTeamCountry "SVK"]

1. c4 c5 2. Nc3 Nc6 3. Nf3 g6 4. d4 cxd4 5. Nxd4 Bg7 6. e3 Nf6 7. Be2 0-0 8. 0-0 d6 9. b3 Nd7 10. Bb2 a6 11. Qd2 Nc5 12. Rad1 Bd7 13. Rfe1 Re8 14. Nd5 Rb8 15. h3 Ne6 16. Nxe6 Bxe6 17. Bxg7 Kxg7 18. f4 Kg8 19. Bf3 Bxd5 20. Bxd5 Qb6 21. Kh1 a5 22. Bxc6 bxc6 23. e4 a4 24. Re3 Qc5 25. e5 axb3 26. axb3 Red8 27. Rd3 Rdc8 28. exd6 exd6 29. Qc3 Qa3 30. Rxd6 Re8 31. R6d3 Qa2 32. f5 Qe2 33. f6 h6 34. Qc1 g5 35. Qc3 Ra8 36. Qd2 Qxd2 37. R1xd2 Re6 38. Rd8+ Rxd8 39. Rxd8+ Kh7 1/2-1/2

[Event "SVK-chT2B 1112"]
[Site "Slovakia"]
[Date "2011.12.03"]
[Round "5.1"]
[White "Detko, Jan"]
[Black "Tomka, Jan"]
[Result "1-0"]
[WhiteElo "2130"]
[BlackElo "2099"]
[PlyCount "47"]
[EventDate "2011.10.08"]
[EventType "team-tourn"]
[EventRounds "11"]
[EventCountry "SVK"]
[SourceTitle "EXT 2013"]
[Source "ChessBase"]
[SourceDate "2012.11.22"]
[SourceVersion "1"]
[SourceVersionDate "2012.11.22"]
[SourceQuality "1"]
[WhiteTeam "Prievidza SK III"]
[BlackTeam "Topolcianky SK"]
[WhiteTeamCountry "SVK"]
[BlackTeamCountry "SVK"]

1. e4 c5 2. Nf3 g6 3. Bc4 Bg7 4. c3 e6 5. 0-0 Ne7 6. d4 cxd4 7. Nxd4 a6 8. Bb3 Nbc6 9. Be3 0-0 10. Nxc6 Nxc6 11. Bc5 Re8 12. Na3 b6 13. Bd6 Bb7 14. Qe2 Na5 15. Bc2 Bc6 16. Rad1 Nb7 17. Bf4 b5 18. e5 f6 19. Be4 Qb6 20. Bxc6 Qxc6 21. Nc2 Rad8 22. Nb4 Qb6 23. Be3 Qa5 24. exf6 1-0

[Event "SVK-chT2B 1112"]
[Site "Slovakia"]
[Date "2011.10.08"]
[Round "1.2"]
[White "Tomka, Jan"]
[Black "Palinkas, Balint"]
[Result "1-0"]
[WhiteElo "2099"]
[BlackElo "1726"]
[PlyCount "109"]
[EventDate "2011.10.08"]
[EventType "team-tourn"]
[EventRounds "11"]
[EventCountry "SVK"]
[SourceTitle "EXT 2013"]
[Source "ChessBase"]
[SourceDate "2012.11.22"]
[SourceVersion "1"]
[SourceVersionDate "2012.11.22"]
[SourceQuality "1"]
[WhiteTeam "Topolcianky SK"]
[BlackTeam "Kamenny Most"]
[WhiteTeamCountry "SVK"]
[BlackTeamCountry "SLO"]

1. d4 Nf6 2. Nf3 c5 3. e3 g6 4. Be2 Bg7 5. 0-0 cxd4 6. exd4 0-0 7. h3 d6 8. c4 Nbd7 9. Nc3 Nb6 10. Bf4 Be6 11. b3 Rc8 12. Rc1 a5 13. Re1 Bd7 14. Qd2 d5 15. c5 Na8 16. a3 Nc7 17. Bd3 Ne6 18. Be5 Bc6 19. Qe3 Nd7 20. Bxg7 Kxg7 21. b4 axb4 22. axb4 Nf6 23. b5 Bd7 24. Ra1 Ra8 25. Qe5 Rxa1 26. Rxa1 Qb8 27. Qxb8 Rxb8 28. g3 Nf8 29. Kg2 h6 30. Bc2 e6 31. Ra7 N8h7 32. Ne5 Be8 33. f3 Nd7 34. f4 Nxe5 35. fxe5 Nf8 36. Bd3 Bd7 37. Kf3 Be8 38. Ke3 h5 39. h4 Bd7 40. b6 Bc6 41. Bb5 Nd7 42. Bxc6 Nxb6 43. cxb6 Rc8 44. Rxb7 Rxc6 45. Kd3 Rc4 46. Rb8 Rb4 47. b7 Rb3 48. Kc2 Rb4 49. Na2 Rb5 50. Kc3 Rb1 51. Nb4 Rc1+ 52. Kb3 Rb1+ 53. Ka4 Ra1+ 54. Kb5 Rb1 55. Rc8 1-0

[Event "SVK-chT2B 0910"]
[Site "Slovakia"]
[Date "2010.01.09"]
[Round "6.5"]
[White "Spik, Peter"]
[Black "Tomka, Jan"]
[Result "1-0"]
[WhiteElo "2059"]
[BlackElo "2109"]
[PlyCount "47"]
[EventDate "2009.10.10"]
[EventType "team"]
[EventRounds "11"]
[EventCountry "SVK"]
[SourceTitle "EXT 2011"]
[Source "ChessBase"]
[SourceDate "2010.11.26"]
[SourceVersion "1"]
[SourceVersionDate "2010.11.26"]
[SourceQuality "1"]
[WhiteTeam "Sala Slovan Duslo"]
[BlackTeam "Topolcianky"]
[WhiteTeamCountry "SVK"]
[BlackTeamCountry "SVK"]

1. d4 d5 2. Nf3 Nc6 3. g3 Bf5 4. c3 e6 5. Bg2 Nf6 6. Bg5 h6 7. Bxf6 Qxf6 8. Nbd2 Bd6 9. 0-0 0-0 10. Re1 Ne7 11. e4 Bxe4 12. Nxe4 dxe4 13. Nd2 Nf5 14. Nxe4 Qd8 15. Re2 c6 16. Qb3 Rb8 17. Rae1 Be7 18. Bh3 Qd7 19. Nd2 g6 20. Nf3 Qd5 21. c4 Qd7 22. d5 Ng7 23. dxe6 Nxe6 24. Rxe6 1-0

[Event "SVK-chT2B 0708"]
[Site "Slovakia"]
[Date "2007.10.07"]
[Round "2.6"]
[White "Vrablik, Miroslav"]
[Black "Tomka, Jan"]
[Result "1-0"]
[WhiteElo "2079"]
[BlackElo "2117"]
[PlyCount "65"]
[EventDate "2007.10.06"]
[EventType "team-tourn"]
[EventRounds "11"]
[EventCountry "SVK"]
[SourceTitle "EXT 2010"]
[Source "ChessBase"]
[SourceDate "2010.11.25"]
[SourceVersion "1"]
[SourceVersionDate "2010.11.25"]
[SourceQuality "1"]
[WhiteTeam "Prievidza SK II"]
[BlackTeam "Topolcianky SK"]
[WhiteTeamCountry "SVK"]
[BlackTeamCountry "SVK"]

1. e4 c6 2. d4 d5 3. exd5 cxd5 4. c4 Nf6 5. Nc3 e6 6. Nf3 Bb4 7. Bd3 dxc4 8. Bxc4 0-0 9. 0-0 Bxc3 10. bxc3 Qc7 11. Qe2 Nbd7 12. Bg5 b6 13. Rac1 Bb7 14. Bd3 Rac8 15. c4 Rfe8 16. Rfe1 Qd6 17. Rcd1 h6 18. Bc1 Red8 19. a3 Kh8 20. Bb2 Qf4 21. d5 exd5 22. Ne5 Kg8 23. g3 Qg5 24. f4 Qh5 25. g4 Qh3 26. Bf5 Nxe5 27. fxe5 Rxc4 28. exf6 g6 29. Rd3 Qh4 30. Qe7 Rf8 31. Rg3 Rc2 32. Bxc2 Ba8 33. Bxg6 1-0

[Event "SVK-chT2B 0607"]
[Site "Slovakia"]
[Date "2007.03.17"]
[Round "10.3"]
[White "Tomka, Jan"]
[Black "Bottyan, Peter"]
[Result "0-1"]
[WhiteElo "2104"]
[BlackElo "2195"]
[PlyCount "68"]
[EventDate "2006.10.14"]
[EventType "team-tourn"]
[EventRounds "11"]
[EventCountry "SVK"]
[SourceTitle "EXT 2008"]
[Source "ChessBase"]
[SourceDate "2007.11.25"]
[SourceVersion "1"]
[SourceVersionDate "2007.11.25"]
[SourceQuality "1"]
[WhiteTeam "Topolcianky"]
[BlackTeam "Komarno KSC"]
[WhiteTeamCountry "SVK"]
[BlackTeamCountry "SVK"]

1. e4 c5 2. Nc3 Nc6 3. f4 e6 4. Nf3 g6 5. Bc4 Bg7 6. f5 Nge7 7. fxe6 dxe6 8. d3 0-0 9. 0-0 Nd4 10. Bg5 a6 11. a4 b6 12. Qd2 f6 13. Be3 Nec6 14. Ba2 Nb4 15. Bb1 f5 16. Nd1 e5 17. Nxd4 exd4 18. Bg5 Qd6 19. c3 dxc3 20. bxc3 Be6 21. Ra3 Nc6 22. exf5 Bxf5 23. Rb3 Be6 24. Rxf8+ Rxf8 25. Rxb6 Be5 26. g3 Bh3 27. Ba2+ Kh8 28. Ne3 Qd7 29. Rxa6 Qb7 30. Rxc6 Qxc6 31. Bh6 Rf6 32. Bg5 Rf8 33. Bh6 Rf3 34. Bd5 Qxd5 0-1

[Event "SVK-chT2B 0607"]
[Site "Slovakia"]
[Date "2006.12.16"]
[Round "5.1"]
[White "Tomka, Jan"]
[Black "Kvassay, Peter"]
[Result "1-0"]
[WhiteElo "2104"]
[BlackElo "2045"]
[PlyCount "67"]
[EventDate "2006.10.14"]
[EventType "team-tourn"]
[EventRounds "11"]
[EventCountry "SVK"]
[SourceTitle "EXT 2008"]
[Source "ChessBase"]
[SourceDate "2007.11.25"]
[SourceVersion "1"]
[SourceVersionDate "2007.11.25"]
[SourceQuality "1"]
[WhiteTeam "Topolcianky"]
[BlackTeam "Povazska Bystrica II"]
[WhiteTeamCountry "SVK"]
[BlackTeamCountry "SVK"]

1. d4 Nf6 2. c4 e6 3. Nc3 c5 4. e3 a6 5. Nf3 d5 6. Bd3 dxc4 7. Bxc4 b5 8. Bd3 Bb7 9. 0-0 Nbd7 10. Qe2 Be7 11. Rd1 0-0 12. b3 Qb8 13. Bb2 Rd8 14. Rac1 h6 15. Ne5 Nxe5 16. dxe5 Nd5 17. Ne4 Nb4 18. Bb1 Nxa2 19. Rxd8+ Qxd8 20. Rd1 Qc7 21. Nf6+ Bxf6 22. exf6 Nb4 23. Qg4 g5 24. h4 Rd8 25. Rxd8+ Qxd8 26. hxg5 hxg5 27. Qxg5+ Kf8 28. Qg7+ Ke8 29. Qg8+ Kd7 30. Qxf7+ Kd6 31. Qxb7 c4 32. Ba3 Ke5 33. Qe4+ Kxf6 34. Qh4+ 1-0

[Event "SVK-chT2B 0506"]
[Site "Slovakia"]
[Date "2006.03.12"]
[Round "11.3"]
[White "Tomka, Jan"]
[Black "Julenyi, Frantisek"]
[Result "1-0"]
[WhiteElo "2090"]
[BlackElo "2033"]
[PlyCount "48"]
[EventDate "2005.10.22"]
[EventType "team-tourn"]
[EventRounds "11"]
[EventCountry "SVK"]
[SourceTitle "EXT 2008"]
[Source "ChessBase"]
[SourceDate "2007.11.25"]
[SourceVersion "1"]
[SourceVersionDate "2007.11.25"]
[SourceQuality "1"]

1. d4 d6 2. Nf3 g6 3. c4 Bg7 4. Nc3 Nd7 5. e4 c5 6. d5 a6 7. Be2 Ne5 8. 0-0 Rb8 9. Ne1 h5 10. h3 Nh6 11. f4 Neg4 12. Nf3 f5 13. e5 dxe5 14. hxg4 e4 15. Ne5 hxg4 16. Be3 Nf7 17. Nxf7 Kxf7 18. g3 Qa5 19. Na4 b5 20. Nxc5 bxc4 21. Bxc4 Rxb2 22. d6+ e6 23. d7 Qc3 24. Bxe6+ Ke7 1-0

[Event "SVK-chT2B 0506"]
[Site "Slovakia"]
[Date "2006.02.12"]
[Round "9.3"]
[White "Huliak, Pavol"]
[Black "Tomka, Jan"]
[Result "1-0"]
[WhiteElo "2110"]
[BlackElo "2090"]
[PlyCount "63"]
[EventDate "2005.10.22"]
[EventType "team-tourn"]
[EventRounds "11"]
[EventCountry "SVK"]
[SourceTitle "EXT 2008"]
[Source "ChessBase"]
[SourceDate "2007.11.25"]
[SourceVersion "1"]
[SourceVersionDate "2007.11.25"]
[SourceQuality "1"]

1. d4 d5 2. c4 c6 3. e3 Nf6 4. Nc3 e6 5. Nf3 Nbd7 6. b3 Bd6 7. Bd3 a6 8. 0-0 b5 9. Qc2 Bb7 10. e4 dxe4 11. Nxe4 Nxe4 12. Bxe4 h6 13. cxb5 axb5 14. Bxc6 Rc8 15. d5 0-0 16. Qe2 Rxc6 17. dxc6 Bxc6 18. Nd4 Bd5 19. Nxb5 Be5 20. Rb1 Qb8 21. f4 Bf6 22. Be3 Rc8 23. Rbc1 Rc6 24. Rxc6 Bxc6 25. a4 Nb6 26. Rc1 Ba8 27. Qc2 Qb7 28. a5 Nd5 29. Qc8+ Kh7 30. Qxb7 Bxb7 31. Kf2 Ba6 32. Nc7 1-0

[Event "SVK-chT2B 0506"]
[Site "Slovakia"]
[Date "2006.02.11"]
[Round "8.3"]
[White "Tomka, Jan"]
[Black "Podoba, Milan"]
[Result "1/2-1/2"]
[WhiteElo "2090"]
[BlackElo "2120"]
[PlyCount "38"]
[EventDate "2005.10.22"]
[EventType "team-tourn"]
[EventRounds "11"]
[EventCountry "SVK"]
[SourceTitle "EXT 2008"]
[Source "ChessBase"]
[SourceDate "2007.11.25"]
[SourceVersion "1"]
[SourceVersionDate "2007.11.25"]
[SourceQuality "1"]

1. Nf3 Nf6 2. d4 e6 3. c4 Bb4+ 4. Nc3 0-0 5. g3 d5 6. cxd5 Nxd5 7. Qc2 c5 8. Bd2 cxd4 9. Nxd5 Bxd2+ 10. Qxd2 Qxd5 11. Qxd4 Qa5+ 12. Qd2 Qxd2+ 13. Nxd2 Bd7 14. Bg2 Bc6 15. Bf3 Rd8 16. 0-0-0 Bxf3 17. Nxf3 Nc6 18. Rxd8+ Rxd8 19. Rd1 Kf8 1/2-1/2

[Event "SVK-chT1W 9798"]
[Site "Slovakia"]
[Date "1998.??.??"]
[Round "?"]
[White "Tomka, Jan"]
[Black "Mojzis, Marcel"]
[Result "1-0"]
[WhiteElo "2155"]
[BlackElo "2135"]
[PlyCount "81"]
[EventDate "1997.??.??"]
[EventType "team"]
[EventRounds "11"]
[EventCountry "SVK"]
[SourceTitle "EXT 1999"]
[Source "ChessBase"]
[SourceDate "1998.11.16"]
[SourceVersion "1"]
[SourceVersionDate "1998.11.16"]
[SourceQuality "1"]

1. e4 d6 2. d4 Nf6 3. Nc3 g6 4. f3 Bg7 5. Be3 0-0 6. Qd2 c6 7. Bh6 e5 8. 0-0-0 Nbd7 9. h4 Qe7 10. h5 Nb6 11. Bxg7 Kxg7 12. g4 Be6 13. Kb1 Bc4 14. Nge2 Rad8 15. Ng3 Kh8 16. g5 Ng8 17. f4 exf4 18. Qxf4 Bxf1 19. Rdxf1 d5 20. e5 Nc4 21. Nd1 a5 22. Rf2 a4 23. c3 b5 24. Rfh2 b4 25. cxb4 a3 26. b3 Rb8 27. hxg6 fxg6 28. Rxh7+ Qxh7 29. Rxh7+ Kxh7 30. Qh4+ Kg7 31. bxc4 Rxb4+ 32. Kc2 Rxc4+ 33. Kd2 Rb8 34. Nc3 c5 35. Nge2 Rbb4 36. Qh3 Rb2+ 37. Ke1 cxd4 38. Qd7+ Kh8 39. Qh3+ Kg7 40. Qd7+ Kh8 41. Nf4 1-0

[Event "SVK-chT1W 9798"]
[Site "Slovakia"]
[Date "1998.??.??"]
[Round "?"]
[White "Tomka, Jan"]
[Black "Zpevak, Pavel"]
[Result "0-1"]
[WhiteElo "2165"]
[BlackElo "2380"]
[PlyCount "62"]
[EventDate "1997.??.??"]
[EventType "team"]
[EventRounds "11"]
[EventCountry "SVK"]
[SourceTitle "EXT 1999"]
[Source "ChessBase"]
[SourceDate "1998.11.16"]
[SourceVersion "1"]
[SourceVersionDate "1998.11.16"]
[SourceQuality "1"]

1. e4 c5 2. Nc3 Nc6 3. f4 e6 4. Nf3 d6 5. Bc4 a6 6. a4 Be7 7. 0-0 Nf6 8. d3 0-0 9. Qe1 d5 10. Bb3 Nb4 11. Qg3 c4 12. dxc4 Nxe4 13. Nxe4 dxe4 14. Ne5 f6 15. Ng4 Kh8 16. Be3 Qc7 17. Nf2 f5 18. Bd4 Bd6 19. Nd1 Nc6 20. Be3 b6 21. Qf2 Rb8 22. Nc3 Na5 23. Rad1 Bc5 24. Bd4 Bb7 25. Ba2 Rbd8 26. Ne2 Qc6 27. b3 e3 28. Qg3 Bxd4 29. Rxd4 Rxd4 30. Nxd4 Qe4 31. Qf3 Qxd4 0-1